| 000 | 00769cab a2200205 4500 | ||
|---|---|---|---|
| 001 | WB2924-33 | ||
| 008 | 090401t1993 xxu||||| |||| 00| 0 eng d | ||
| 035 | _a(Sirsi) u59070 | ||
| 041 | _aeng | ||
| 245 | _aIntentional homelessness | ||
| 260 | _c1993 | ||
| 350 | _a0 | ||
| 490 |
_aTimes _v23 June 1993, 32(1) |
||
| 520 | _aIn "R v Wandsworth LBC ex parte Oteng", ChD 10 June 1993, it was held that where a person ceased to occupy property of which she was a joint owner, surrender of her legal interest over two years later did not render her intentionally homeless within the meaning of Housing Act 1985 s60(1). | ||
| 650 | _aHOUSING ACT 1985 S60(1) | ||
| 650 | _aINTENTIONAL HOMELESSNESS | ||
| 690 | _aHOUSING-CASE LAW | ||
| 942 | _n0 | ||
| 948 | _c04/03/1997 | ||
| 999 |
_c36181 _d36181 |
||